00700 a2200193 4500010001400000020002300014035001300037037001800050082001000068090001500078100002400093245005800117260003600175270010200211300002300313942002500336999001500361952013000376 aENG-85538 c200.00a818390002X aEN-69071 bD.B.Act / Pub14a230.1 c2907d29071 aChhawchharia, A. K.1 aThe legendary glory of Hanumancby A. K. Chhawchharia aDelhibAbhishek Prakashanc2006 b5824, New Chandrawal, (Near Shiv Mandir), Jawahar NagarcDelhie110 007k011-55175190, 9811167357 a94 p.c22 cm (Hb.) adplcENk230.1 / CHH c2852d2852 00102ddc40718NFICaDBADbDBADeDBAD/PUBg200.00l0o230.1pEN-69071r2008-09-15 00:00:00t1u3041v200.00w2008-09-15yEN